书目信息 |
| 书名: | An introduction to cognitive linguistics = | |
| 作者: | F. Ungerer, H.J. Schmid著 ; 陈治安, 文旭导读. | |
| 分册号: | ||
| 分册名: | 出版地: | 北京 : |
|
| 出版社: | 外语教学与研究出版社 | |
| 出版时间: | 2001. | |
| 页数: | F40, 315 p. : | |
| 开本: | 23 cm. | |
| 丛书名: | 当代国外语言学与应用语言学文库 | |
| 中图分类号: | ||
| 科图分类号: | ||
| 其他分类号: | H04 | |
| 主题词: | ||
| 电子资源: | ||
| 000 | 02153nam a2200841 a 4500 | |
| 001 | E0732930644 | |
| 003 | CAL | |
| 005 | 20070819091031.82 | |
| 008 | 020607r20011996cc a b 001 0 eng d | |
| 020 | @a7560023770 :@cCNY31.90. | |
| 040 | @aNUL@cNUL | |
| 050 | 00 | @aP165@b.U54 |
| 082 | 00 | @a415@220 |
| 090 | @aH04 | |
| 093 | @aH04@24 | |
| 094 | @a41.13@23 | |
| 099 | @dH04@ex146 | |
| 100 | 1 | @aUngerer, Friedrich. |
| 245 | 13 | @aAn introduction to cognitive linguistics = :@b认知语言学入门 / @cF. Ungerer, H.J. Schmid著 ; 陈治安, 文旭导读. |
| 246 | 11 | @a认知语言学入门 |
| 260 | @a北京 :@b外语教学与研究出版社,@c2001. | |
| 300 | @aF40, 315 p. :@bill. ;@c23 cm. | |
| 440 | 0 | @a当代国外语言学与应用语言学文库 |
| 500 | @aIncludes introduction. | |
| 504 | @aIncludes bibliographical references (p. [281]-293) and indexes. | |
| 534 | @pReprint. Originally published:@cLondon : Longman, c1996.@z0582239664. | |
| 650 | 0 | @aCognitive grammar. |
| 700 | 1 | @aChen, Zhian(陈治安) |
| 700 | 1 | @aSchmid, Hans-J鑟rg. |
| 700 | 1 | @aWen, Xu(文旭) |
| 920 | @a244050@z2 | |
| 920 | @a222220@z1 | |
| 920 | @a211060@z1 | |
| 920 | @a251010@z1 | |
| 920 | @a232010@z2 | |
| 920 | @a261020@z1 | |
| 920 | @a235010@z1 | |
| 920 | @a231220@z1 | |
| 920 | @a212020@z1 | |
| 920 | @a231010@z1 | |
| 920 | @a242170@z2 | |
| 920 | @a211010@z1 | |
| 920 | @a211090@z1 | |
| 920 | @a214010@z2 | |
| 920 | @a242120@z2 | |
| 920 | @a242020@z1 | |
| 920 | @a243160@z1 | |
| 920 | @a211410@z1 | |
| 920 | @a242010@z1 | |
| 920 | @a211260@z1 | |
| 920 | @a211050@z2 | |
| 920 | @a262070@z1 | |
| 920 | @a211020@z1 | |
| 920 | @a237385@z2 | |
| 920 | @a237010@z2 | |
| 920 | @a243040@z1 | |
| 920 | @a211162@z1 | |
| 920 | @a246060@z0 | |
| 920 | @a211168@z2 | |
| 920 | @a244010@z1 | |
| 920 | @a223140@z1 | |
| 920 | @a246010@z1 | |
| 920 | @a241061@z1 | |
| 920 | @a221060@z1 | |
| 920 | @a222020@z2 | |
| 920 | @a242250@z2 | |
| 920 | @a221020@z1 | |
| 920 | @a246040@z1 | |
| 920 | @a237020@z1 | |
| 920 | @a211070@z1 | |
| 920 | @a211270@z1 | |
| 920 | @a244020@z2 | |
| 998 | @aECN | |
| An introduction to cognitive linguistics = : : 认知语言学入门 / / F. Ungerer, H.J. Schmid著 ; 陈治安, 文旭导读.-北京 : : 外语教学与研究出版社, , 2001. |
| F40, 315 p. : : ill. ; ; 23 cm.- (当代国外语言学与应用语言学文库) |
| Includes introduction.-Includes bibliographical references (p. [281]-293) and indexes. |
| ISBN 7560023770 :CNY31.90. |
| ● |
| 相关链接 |
|
|
|
|
正题名:introduction to cognitive linguistics =
索取号:H04/x146
 
预约/预借
| 序号 | 登录号 | 条形码 | 馆藏地/架位号 | 状态 | 备注 |
| 1 | 16903 | 300169038 | 第二样本阅览室/ [索取号:H04/x146] | 在馆 | |
| 2 | 16904 | 300169047 | 第四借阅区/ [索取号:H04/x146] | 在馆 | |
| 3 | 16905 | 300169056 | 第四借阅区/ [索取号:H04/x146] | 在馆 | |
| 4 | 16906 | 300169065 | 第四借阅区/ [索取号:H04/x146] | 在馆 | |
| 5 | 16907 | 300169074 | 第四借阅区/ [索取号:H04/x146] | 在馆 |